000 01080 a2200253 4500
008 080821t xxu||||| |||| 00| 0 eng d
010 _aENG-85041-42
020 _a8180545059 (v.1)
_c200.00 (set of 2v.)
020 _a8180545067 (V.II)
_c200.00 (set of 2v.)
035 _aEN-68574-75
037 _bD.B.Act / Pub
082 _a657.48
100 _aGupta, R. L.
245 _aAdvanced accountancy
_cby R. L. Gupta and V. K. Gupta
250 _a8th ed
260 _aNew Delhi
_bSultan Chand and Sons
_c2006
270 _a23, Darya Ganj,
_bNew Delhi
_cDelhi
_e110002
_k23266105
_l23266357
300 _a2. v.
_c24 cm (Pbk)
650 _aFinancial accountancy
700 _aGupta, V. K.
942 _adpl
_cEN
_k657.48 / GUP
_2ddc
_h657.48
_m GUP
999 _c942
_d942